000 00468nam a2200193Ia 4500
003 OSt
005 20240821103705.0
008 210210b1972 xxu||||| |||| 00| 0 eng d
040 _cAL
041 _aHindi
082 _aH891.9 BHAS
100 _aभारत सरकार
_9177608
245 _aBhasha.
_bभाषा
260 _aBharat
_bShiksha Mantralay
_c1972
300 _a48
690 _aHindi Criticism
_9177609
906 _a029332
942 _2ddc
_cBK
999 _c80553
_d80553